[Event "Tbilisi"]
[Site "Tbilisi GEO"]
[Date "1979.??.??"]
[Round "?"]
[White "Gufeld, Eduard E"]
[Black "Romanishin, Oleg M"]
[Result "1/2-1/2"]
[WhiteElo "2530"]
[BlackElo "2560"]
[PlyCount "51"]
[EventDate "1979.??.??"]
[Source "www.chesslib.no"]
[SourceDate "2004.05.04"]

1. e4 c5 2. Nf3 d6 3. d4 cxd4 4. Nxd4 Nf6 5. Nc3 e5 6. Bb5+ Bd7 7. Bxd7+ Qxd7 8. Nf3 Qc6 9. Qe2 h6 10. O-O Be7 11. Nh4 g6 12. f4 Nbd7 13. Nf3 Rc8 14. a4 Kf8 15. Be3 Kg7 16. Kh1 a6 17. Rad1 Rhd8 18. Qd2 Nxe4 19. Nxe4 Qxe4 20. c3 Kg8 21. fxe5 Nxe5 22. Bxh6 Ng4 23. Ng5 Bxg5 24. Bxg5 Rc5 25. Rf4 Qe6 26. Rff1 1/2-1/2

[Event "URS Spartakiad"]
[Site "Moscow RUS"]
[Date "1981.??.??"]
[Round "?"]
[White "Nei, Iivo"]
[Black "Kupreichik, Viktor D"]
[Result "1/2-1/2"]
[WhiteElo "2495"]
[BlackElo "2575"]
[PlyCount "77"]
[EventDate "1981.05.16"]
[Source "www.chesslib.no"]
[SourceDate "2004.05.04"]

1. e4 c5 2. Nf3 d6 3. d4 cxd4 4. Nxd4 Nf6 5. Nc3 e5 6. Bb5+ Nbd7 7. Nf5 a6 8. Bxd7+ Qxd7 9. Bg5 Nxe4 10. Nxg7+ Bxg7 11. Nxe4 O-O 12. Qxd6 f6 13. Qxd7 Bxd7 14. Be3 Bf5 15. f3 Bxe4 16. fxe4 Rac8 17. O-O-O Rc4 18. Rd7 Rxe4 19. Kd2 f5 20. g3 Rf6 21. Rf1 f4 22. gxf4 exf4 23. Bd4 Rg6 24. Bxg7 Rxg7 25. Rd8+ Kf7 26. Kd3 Re3+ 27. Kd4 Ke7 28. Rxf4 Re2 29. Rc8 Kd7 30. Rff8 Rxh2 31. Rfd8+ Ke6 32. Re8+ Kf6 33. Rf8+ Kg6 34. Rg8 Rf2 35. Ke3 Rf6 36. c4 h5 37. Rcd8 h4 38. Rxg7+ Kxg7 39. Rd7+ 1/2-1/2

[Event "USSR (ch)"]
[Site "?"]
[Date "1987.??.??"]
[Round "?"]
[White "Beliavsky, A."]
[Black "Kupreichik, V."]
[Result "1/2-1/2"]
[WhiteElo "2585"]
[BlackElo "2475"]
[PlyCount "177"]
[EventDate "1987.??.??"]
[Source "ChessBase"]
[SourceDate "1987.01.01"]

1. e4 c5 2. Nf3 d6 3. d4 cxd4 4. Nxd4 Nf6 5. Nc3 e5 6. Bb5+ Nbd7 7. Nf5 a6 8. Bxd7+ Qxd7 9. g4 Qc6 10. f3 h5 11. g5 Nxe4 12. Nxg7+ Bxg7 13. fxe4 f5 14. gxf6 Bxf6 15. h4 Bd8 16. Bg5 Bg4 17. Qd2 Rf8 18. Rf1 Rxf1+ 19. Kxf1 Ba5 20. Kg1 Rc8 21. Rf1 Bxc3 22. bxc3 Be6 23. Qf2 Qc5 24. Qxc5 Rxc5 25. Rb1 b5 26. Bd2 a5 27. a3 Bd7 28. Kf2 Rc4 29. Re1 Bc6 30. Kf3 Kf7 31. Re2 Ke6 32. Re1 Ra4 33. Bc1 Rxe4 34. Rxe4 Kf5 35. Ke2 Bxe4 36. Kd1 Bf3+ 37. Ke1 Kg4 38. Bg5 d5 39. Kd2 Be4 40. Bf6 Bg6 41. Bd8 a4 42. Bf6 Be4 43. Be7 Bg2 44. Ke2 Bh3 45. Bf6 Kf4 46. Bg5+ Kg3 47. Bf6 e4 48. Ke3 Bf1 49. Be7 Bc4 50. Bf6 Ba2 51. Be7 Bb1 52. Bf6 Bxc2 53. Be7 Bd3 54. Bf6 Kg2 55. Be7 Kf1 56. Bf8 Ke1 57. Be7 Kd1 58. Bb4 Kc2 59. Ba5 Kb3 60. Bb4 Kc4 61. Ba5 Bf1 62. Bb4 Bh3 63. Ba5 Kb3 64. Bb4 Bf1 65. Kd2 Bc4 66. Ke3 Kc2 67. Ba5 Kd1 68. Bb4 Ke1 69. Be7 Kf1 70. Bf6 Kg2 71. Be7 Kg3 72. Bf6 Bf1 73. Be7 Bh3 74. Bf6 Bd7 75. Be7 Bc6 76. Bf6 Kg4 77. Be7 Kf5 78. Bd8 Bb7 79. Bc7 Kg4 80. Bd8 Kg3 81. Be7 d4+ 82. Kxd4 Kf2 83. Bg5 Kf3 84. Bh6 Ke2 85. Bg5 Ke1 86. Be7 Kd2 87. Bg5+ Kd1 88. Be7 Kc2 89. Bf8 1/2-1/2

[Event "Rubinstein mem"]
[Site "Polanica Zdroj"]
[Date "1981.??.??"]
[Round "7"]
[White "Inkiov, Ventzislav"]
[Black "Kupreichik, Viktor D"]
[Result "1/2-1/2"]
[WhiteElo "2475"]
[BlackElo "2580"]
[PlyCount "58"]
[EventDate "1981.08.??"]
[Source "ChessBase"]

1. e4 c5 2. Nf3 d6 3. d4 cxd4 4. Nxd4 Nf6 5. Nc3 e5 6. Bb5+ Nbd7 7. Nf5 a6 8. Bxd7+ Qxd7 9. Ne3 Qc6 10. Qd3 Be6 11. O-O g6 12. Ned5 Bxd5 13. Nxd5 Nxd5 14. exd5 Qc7 15. f4 f5 16. Be3 Rc8 17. Qb3 Bg7 18. c4 exf4 19. Bxf4 Qxc4 20. Qxb7 O-O 21. Kh1 Rb8 22. Qc6 Qxc6 23. dxc6 Bxb2 24. Bxd6 Bxa1 25. Bxb8 Rxb8 26. Rxa1 Rc8 27. Rc1 Rc7 28. h4 Kf7 29. Kh2 Ke6 1/2-1/2

[Event "Vrsac"]
[Site "?"]
[Date "1987.??.??"]
[Round "?"]
[White "Popovic, P."]
[Black "Rajkovic, D."]
[Result "0-1"]
[WhiteElo "2560"]
[BlackElo "2480"]
[PlyCount "66"]
[EventDate "1987.??.??"]
[Source "ChessBase"]
[SourceDate "1987.07.01"]

1. e4 c5 2. Nf3 d6 3. d4 cxd4 4. Nxd4 Nf6 5. Nc3 e5 6. Bb5+ Nbd7 7. Nf5 a6 8. Bxd7+ Qxd7 9. Ne3 Qc6 10. Qd3 Be6 11. O-O Rc8 12. a4 Be7 13. Ncd5 Bxd5 14. exd5 Qc7 15. a5 g6 16. b3 O-O 17. Nc4 Rfe8 18. Be3 Bf8 19. f4 exf4 20. Rxf4 Nd7 21. Rff1 Bg7 22. Bd4 Bxd4+ 23. Qxd4 Ne5 24. Nb6 Qc3 25. Qa4 Rcd8 26. Rac1 Re7 27. h3 Rde8 28. Kh1 f5 29. Qa3 Nf7 30. Nc4 Re2 31. Qa4 Qg3 32. Rg1 R8e4 33. Qd7 Rh4 0-1

[Event "JUG-chT"]
[Site "Budva"]
[Date "1996.??.??"]
[Round "1"]
[White "Tseshkovsky, Vitaly"]
[Black "Popchev, Milko"]
[Result "1-0"]
[WhiteElo "2540"]
[BlackElo "2475"]
[PlyCount "66"]
[EventDate "1996.??.??"]
[Source "ChessBase"]

1. e4 c5 2. Nf3 d6 3. d4 cxd4 4. Nxd4 Nf6 5. Nc3 e5 6. Bb5+ Nbd7 7. Nf5 a6 8. Bxd7+ Qxd7 9. Bg5 Nxe4 10. Nxg7+ Bxg7 11. Nxe4 O-O 12. Qxd6 Qf5 13. f3 f6 14. Be3 Qg6 15. O-O-O Qf7 16. Kb1 Be6 17. b3 Rfc8 18. Nc5 Bf5 19. Qd5 Bf8 20. Qxf7+ Kxf7 21. Ne4 Rc6 22. g4 Be6 23. h3 Be7 24. Ng3 Rac8 25. Rh2 Rc3 26. Re2 h5 27. Nxh5 f5 28. Bc1 Rxf3 29. Rxe5 fxg4 30. Nf4 Rc6 31. Rde1 Rxf4 32. Bxf4 gxh3 33. Rh5 Bf6 1-0

[Event "W-ch16 sf02 corr"]
[Site "?"]
[Date "1992.??.??"]
[Round "?"]
[White "Koc, Wladyslaw"]
[Black "Glaser, Helmut F"]
[Result "1/2-1/2"]
[WhiteElo "2555"]
[BlackElo "2440"]
[PlyCount "118"]
[EventDate "1992.??.??"]
[Source "www.chesslib.no"]
[SourceDate "2004.05.04"]

1. e4 c5 2. Nf3 d6 3. d4 cxd4 4. Nxd4 Nf6 5. Nc3 e5 6. Bb5+ Nbd7 7. Nf5 a6 8. Bxd7+ Qxd7 9. Ne3 Qc6 10. Qd3 Be6 11. a4 Be7 12. O-O Rc8 13. Ncd5 Bxd5 14. exd5 Qc7 15. a5 g6 16. b3 O-O 17. Nc4 Rfe8 18. Be3 Nd7 19. Ra2 f5 20. Nb6 Nxb6 21. Bxb6 Qc3 22. Qxc3 Rxc3 23. Be3 Rec8 24. Rc1 h6 25. Bd2 R3c5 26. c4 Bg5 27. f4 Bxf4 28. Bxf4 exf4 29. Re1 Kf7 30. Re6 Rd8 31. Kf2 Rc7 32. Kf3 Re8 33. Rxe8 Kxe8 34. Re2+ Re7 35. Rxe7+ Kxe7 36. Kxf4 Kf6 37. g3 g5+ 38. Kf3 Ke5 39. Ke3 f4+ 40. gxf4+ gxf4+ 41. Kf3 Kf5 42. h3 Ke5 43. h4 Kf5 44. h5 Ke5 45. b4 Kd4 46. c5 Kxd5 47. cxd6 Kxd6 48. Kxf4 Ke6 49. Ke4 Kf6 50. Kd5 Kg5 51. Kc5 Kxh5 52. Kb6 Kg4 53. Kxb7 h5 54. b5 h4 55. b6 h3 56. Kxa6 h2 57. b7 h1=Q 58. b8=Q Qc6+ 59. Ka7 Qd7+ 1/2-1/2

[Event "Tel Aviv"]
[Site "Tel Aviv ISR"]
[Date "1995.??.??"]
[Round "?"]
[White "Soffer, Ram"]
[Black "Bykhovsky, Avigdor"]
[Result "1/2-1/2"]
[WhiteElo "2535"]
[BlackElo "2455"]
[PlyCount "112"]
[EventDate "1995.??.??"]
[Source "www.chesslib.no"]
[SourceDate "2004.05.04"]

1. e4 c5 2. Nf3 d6 3. d4 cxd4 4. Nxd4 Nf6 5. Nc3 e5 6. Bb5+ Nbd7 7. Nf5 a6 8. Ba4 b5 9. Bb3 Nc5 10. Bg5 Bxf5 11. exf5 Be7 12. Bxf6 Bxf6 13. Qd5 O-O 14. Ne4 Qa5+ 15. Ke2 Qb4 16. Kf3 Nxe4 17. Qxe4 Qc5 18. Rhd1 Rac8 19. a4 Qb6 20. axb5 axb5 21. g3 h6 22. Ra2 Rc5 23. Ra8 Rxa8 24. Qxa8+ Bd8 25. Rd5 Kf8 26. Kg2 Ke7 27. Kh3 Qc7 28. Rd1 Qd7 29. g4 h5 30. f3 hxg4+ 31. fxg4 Qc6 32. Qxc6 Rxc6 33. Kg3 Ra6 34. h4 Bb6 35. g5 Be3 36. Kf3 Bc5 37. Ke4 Ra8 38. f6+ gxf6 39. gxf6+ Kxf6 40. Rf1+ Kg6 41. Bxf7+ Kg7 42. Bb3 Rf8 43. Rxf8 Kxf8 44. c3 b4 45. cxb4 Bxb4 46. Bd1 Kg7 47. Bf3 Be1 48. h5 Kh6 49. Kf5 Bb4 50. Kg4 Bc5 51. Be4 Bb4 52. Bd5 Bc5 53. Bf3 Bb4 54. Kf5 Bc5 55. Ke4 Bb4 56. Kd5 Bc5 1/2-1/2

[Event "ISR-chT"]
[Site "Israel"]
[Date "1996.??.??"]
[Round "2"]
[White "Sutovsky, Emil"]
[Black "Uritzky, Maxim"]
[Result "1-0"]
[WhiteElo "2545"]
[BlackElo "2430"]
[PlyCount "105"]
[EventDate "1996.??.??"]
[Source "ChessBase"]

1. e4 c5 2. Nf3 d6 3. d4 cxd4 4. Nxd4 Nf6 5. Nc3 e5 6. Bb5+ Nbd7 7. Nf5 a6 8. Bxd7+ Qxd7 9. Bg5 Nxe4 10. Nxg7+ Bxg7 11. Nxe4 O-O 12. Qxd6 f6 13. Qxd7 Bxd7 14. Bd2 Bc6 15. Nd6 Rfd8 16. Nf5 Rd7 17. f3 Kf7 18. O-O-O Ke6 19. Ng3 Rad8 20. Be3 Rxd1+ 21. Rxd1 Rxd1+ 22. Kxd1 f5 23. Ne2 f4 24. Bb6 Kf5 25. b3 h5 26. Nc3 Bf8 27. Ke2 Bb4 28. Nd1 e4 29. Nf2 e3 30. Nd3 Bd6 31. c4 Be8 32. Bd8 Bc6 33. Bh4 Be8 34. g3 Bc6 35. Nxf4 Bxf4 36. gxf4 Kxf4 37. Bg3+ Kg5 38. Kxe3 h4 39. Bc7 h3 40. f4+ Kf5 41. Kd4 Bd7 42. Kc5 Kg4 43. Kd4 Bf5 44. b4 Kf3 45. Ke5 Bd3 46. c5 Bb1 47. a4 Kg2 48. f5 Kxh2 49. Ke6+ Kg2 50. b5 axb5 51. axb5 Kf3 52. c6 b6 53. f6 1-0

[Event "JUG Cup"]
[Site "Ulcinj"]
[Date "1997.??.??"]
[Round "?"]
[White "Marinkovic, Ivan"]
[Black "Rajkovic, Dusan"]
[Result "1/2-1/2"]
[WhiteElo "2495"]
[BlackElo "2470"]
[PlyCount "47"]
[EventDate "1997.??.??"]
[Source "www.chesslib.no"]
[SourceDate "2004.05.04"]

1. e4 c5 2. Nf3 d6 3. d4 cxd4 4. Nxd4 Nf6 5. Nc3 e5 6. Bb5+ Nbd7 7. Nf5 a6 8. Bxd7+ Qxd7 9. Ne3 Qc6 10. Qd3 Be6 11. O-O Be7 12. a4 O-O 13. Bd2 Rfc8 14. a5 b5 15. axb6 Qxb6 16. Bc1 Qb7 17. Rd1 g6 18. b3 Rxc3 19. Qxc3 Nxe4 20. Qd3 Bh4 21. Rf1 d5 22. Ra5 Bd8 23. Rxd5 Bxd5 24. Nxd5 1/2-1/2

[Event "ISR-chT"]
[Site "Israel"]
[Date "1996.??.??"]
[Round "6"]
[White "Gruenfeld, Yehuda"]
[Black "Uritzky, Maxim"]
[Result "1-0"]
[WhiteElo "2520"]
[BlackElo "2430"]
[PlyCount "69"]
[EventDate "1996.??.??"]
[Source "ChessBase"]

1. e4 c5 2. Nf3 d6 3. d4 cxd4 4. Nxd4 Nf6 5. Nc3 e5 6. Bb5+ Nbd7 7. Nf5 a6 8. Bxd7+ Qxd7 9. Bg5 Nxe4 10. Nxg7+ Bxg7 11. Nxe4 O-O 12. Qxd6 f6 13. Qxd7 Bxd7 14. Bd2 Bf5 15. f3 Bg6 16. O-O-O Rfc8 17. Bc3 b5 18. Rhe1 a5 19. Re2 b4 20. Be1 f5 21. Ng3 Rc4 22. b3 Rc6 23. Kb1 e4 24. f4 Bh6 25. Rd5 Bf7 26. Rxf5 a4 27. Bxb4 axb3 28. axb3 Bg7 29. Ra5 Rxa5 30. Bxa5 Ra6 31. b4 Rd6 32. Kc1 Bh6 33. Rxe4 Bg6 34. Rc4 Bf7 35. Rc8+ 1-0

[Event "Tel Aviv ASA"]
[Site "Tel Aviv"]
[Date "1996.??.??"]
[Round "1"]
[White "Liss, Eran"]
[Black "Uritzky, Maxim"]
[Result "1-0"]
[WhiteElo "2525"]
[BlackElo "2420"]
[PlyCount "71"]
[EventDate "1996.08.??"]
[Source "ChessBase"]

1. e4 c5 2. Nf3 d6 3. d4 cxd4 4. Nxd4 Nf6 5. Nc3 e5 6. Bb5+ Nbd7 7. Nf5 a6 8. Ba4 b5 9. Bb3 Nc5 10. Bg5 Bxf5 11. exf5 Be7 12. Bxf6 Bxf6 13. Qd5 O-O 14. Ne4 Qa5+ 15. Ke2 Rac8 16. Rhd1 Nxb3 17. Qxb3 Rc4 18. f3 Qc7 19. c3 Qc6 20. Nxd6 e4 21. Nxe4 Be5 22. Qc2 Qh6 23. h3 Qf4 24. Rd5 Bc7 25. Re1 Bd8 26. Qd2 Qb8 27. Rd1 Bh4 28. Rd6 Re8 29. Kf1 Be7 30. Rd7 Qa8 31. Qd5 Qxd5 32. R1xd5 Rcc8 33. Ra7 Bf8 34. f6 g6 35. Rdd7 b4 36. Rxf7 1-0

[Event "JUG-chT"]
[Site "Tivat"]
[Date "1995.??.??"]
[Round "9"]
[White "Popovic, Petar"]
[Black "Bjelajac, Milan"]
[Result "1/2-1/2"]
[WhiteElo "2555"]
[BlackElo "2380"]
[PlyCount "56"]
[EventDate "1995.??.??"]
[Source "ChessBase"]

1. e4 c5 2. Nf3 d6 3. d4 cxd4 4. Nxd4 Nf6 5. Nc3 e5 6. Bb5+ Nbd7 7. Nf5 a6 8. Ba4 b5 9. Bb3 Nc5 10. Bg5 Bxf5 11. exf5 Be7 12. O-O O-O 13. Bxf6 Bxf6 14. Qf3 e4 15. Nxe4 Nxe4 16. Qxe4 Bxb2 17. Rad1 Ba3 18. Rd3 Bc5 19. f6 Qxf6 20. Rf3 Qd8 21. Rh3 h6 22. Rxh6 gxh6 23. Qg6+ Kh8 24. Qxh6+ Kg8 25. Qg6+ Kh8 26. Qh6+ Kg8 27. Re1 Re8 28. Qg6+ Kh8 1/2-1/2

[Event "Martinez Acosta B"]
[Site "Martinez Acosta B"]
[Date "1995.??.??"]
[Round "?"]
[White "Fleetwood, Daniel M"]
[Black "Benz, German Fabian"]
[Result "1-0"]
[WhiteElo "2485"]
[BlackElo "2395"]
[PlyCount "49"]
[EventDate "1995.??.??"]
[Source "www.chesslib.no"]
[SourceDate "2004.05.04"]

1. e4 c5 2. Nf3 d6 3. d4 cxd4 4. Nxd4 Nf6 5. Nc3 e5 6. Bb5+ Bd7 7. Bxd7+ Qxd7 8. Nde2 Be7 9. Ng3 O-O 10. Bg5 Nc6 11. Nf5 Qe6 12. O-O Rad8 13. Qf3 Nd4 14. Nxe7+ Qxe7 15. Qd3 Qe6 16. Nd5 Nxd5 17. exd5 Qxd5 18. Bxd8 Rxd8 19. c3 Qb5 20. Qxb5 Nxb5 21. Rad1 Nc7 22. f4 e4 23. Rd4 f5 24. Rfd1 d5 25. c4 1-0

[Event "Szekszard Open"]
[Site "Szekszard"]
[Date "1993.??.??"]
[Round "5"]
[White "Videki, Sandor"]
[Black "Varga, Zoltan"]
[Result "1/2-1/2"]
[WhiteElo "2415"]
[BlackElo "2450"]
[PlyCount "42"]
[EventDate "1993.??.??"]
[Source "www.chesslib.no"]
[SourceDate "2004.05.04"]

1. e4 c5 2. Nf3 d6 3. d4 cxd4 4. Nxd4 Nf6 5. Nc3 e5 6. Bb5+ Nbd7 7. Nf5 a6 8. Bxd7+ Qxd7 9. Ne3 Qc6 10. Qd3 Be6 11. O-O Rc8 12. a4 Be7 13. Rd1 g6 14. Bd2 O-O 15. Be1 Rfd8 16. Rac1 b5 17. axb5 axb5 18. b3 Rd7 19. f3 Rb7 20. Ncd5 Bxd5 21. Nxd5 Nxd5 1/2-1/2

[Event "ISR-ch"]
[Site "Jerusalem"]
[Date "1996.??.??"]
[Round "7"]
[White "Vydeslaver, Alik"]
[Black "Uritzky, Maxim"]
[Result "1/2-1/2"]
[WhiteElo "2440"]
[BlackElo "2420"]
[PlyCount "69"]
[EventDate "1996.10.26"]
[Source "ChessBase"]

1. e4 c5 2. Nf3 d6 3. d4 cxd4 4. Nxd4 Nf6 5. Nc3 e5 6. Bb5+ Nbd7 7. Nf5 a6 8. Bxd7+ Qxd7 9. O-O Qc6 10. Qf3 b5 11. a3 Be6 12. Rd1 h6 13. h3 Bxf5 14. Qxf5 Be7 15. Rd3 Qd7 16. Qf3 Rc8 17. g4 Qe6 18. Bd2 Nd7 19. a4 Nc5 20. Rd5 b4 21. Ne2 h5 22. Ng3 hxg4 23. hxg4 g6 24. Bxb4 Rh4 25. Bxc5 Rxc5 26. Rxc5 dxc5 27. Rd1 Rxg4 28. Qd3 f5 29. exf5 gxf5 30. Kf1 Rd4 31. Qf3 f4 32. Qh5+ Kd7 33. Nf5 Rxd1+ 34. Qxd1+ Kc7 35. Nxe7 1/2-1/2

[Event "13. Papanastasio"]
[Site "13. Papanastasio"]
[Date "1995.??.??"]
[Round "?"]
[White "Anagnostopoulos, Dimitri"]
[Black "Pandavos, Panayotis"]
[Result "1/2-1/2"]
[WhiteElo "2445"]
[BlackElo "2410"]
[PlyCount "54"]
[EventDate "1995.??.??"]
[Source "www.chesslib.no"]
[SourceDate "2004.05.04"]

1. e4 c5 2. Nf3 d6 3. d4 cxd4 4. Nxd4 Nf6 5. Nc3 e5 6. Bb5+ Nbd7 7. Nf5 a6 8. Bxd7+ Qxd7 9. Ne3 Qc6 10. O-O Be6 11. Qd3 Rc8 12. a4 Bc4 13. Nxc4 Qxc4 14. Bg5 Qxd3 15. cxd3 Nd7 16. Nd5 f6 17. Be3 Be7 18. Rfc1 Kf7 19. b4 Rc6 20. b5 axb5 21. axb5 Rxc1+ 22. Bxc1 Rb8 23. Be3 Bd8 24. f4 exf4 25. Bxf4 Ke6 26. g4 g6 27. Kf2 Nb6 1/2-1/2

[Event "Moron zt"]
[Site "Moron"]
[Date "1982.??.??"]
[Round "7"]
[White "Schweber, Samuel"]
[Black "Debarnot, Roberto L"]
[Result "1-0"]
[WhiteElo "2430"]
[BlackElo "2425"]
[PlyCount "82"]
[EventDate "1982.03.??"]
[Source "www.chesslib.no"]
[SourceDate "2004.05.04"]

1. e4 c5 2. Nf3 d6 3. d4 cxd4 4. Nxd4 Nf6 5. Nc3 e5 6. Bb5+ Nbd7 7. Nf5 a6 8. Bxd7+ Qxd7 9. Bg5 Nxe4 10. Nxg7+ Bxg7 11. Nxe4 d5 12. Nf6+ Bxf6 13. Bxf6 O-O 14. Qf3 e4 15. Qg3+ Qg4 16. Rd1 Be6 17. Qxg4+ Bxg4 18. Rxd5 h6 19. Kd2 Rfe8 20. Re1 Kh7 21. h3 Be6 22. Rd6 Bf5 23. g4 Bg6 24. Ke3 Rac8 25. c3 Rc6 26. Rxc6 bxc6 27. Rd1 Re6 28. Bh4 c5 29. c4 a5 30. Bd8 a4 31. Rd5 Re8 32. Bf6 Rc8 33. Rd8 Rxd8 34. Bxd8 f5 35. Be7 fxg4 36. hxg4 Bf7 37. b3 axb3 38. axb3 Be6 39. Kf4 Kg6 40. Bxc5 Kf6 41. Be3 Kg6 1-0

[Event "Moron zt"]
[Site "Moron"]
[Date "1982.??.??"]
[Round "4"]
[White "Hase, Juan C"]
[Black "Debarnot, Roberto L"]
[Result "1/2-1/2"]
[WhiteElo "2420"]
[BlackElo "2425"]
[PlyCount "46"]
[EventDate "1982.03.??"]
[Source "www.chesslib.no"]
[SourceDate "2004.05.04"]

1. e4 c5 2. Nf3 d6 3. d4 cxd4 4. Nxd4 Nf6 5. Nc3 e5 6. Bb5+ Nbd7 7. Nf5 a6 8. Bxd7+ Qxd7 9. Bg5 Nxe4 10. Nxg7+ Bxg7 11. Nxe4 d5 12. Nf6+ Bxf6 13. Bxf6 O-O 14. Qh5 Qf5 15. Qxf5 Bxf5 16. O-O-O Rac8 17. Rd2 Rfe8 18. f4 exf4 19. Rf1 Re6 20. Bc3 Be4 21. Rxf4 f5 22. g4 fxg4 23. Rxg4+ Rg6 1/2-1/2

[Event "Berlin Open"]
[Site "Berlin West"]
[Date "1988.??.??"]
[Round "8"]
[White "Perenyi, Bela"]
[Black "Bielczyk, Jacek"]
[Result "1-0"]
[WhiteElo "2455"]
[BlackElo "2385"]
[PlyCount "73"]
[EventDate "1988.08.??"]
[Source "www.chesslib.no"]
[SourceDate "2004.05.04"]

1. e4 c5 2. Nf3 d6 3. d4 cxd4 4. Nxd4 Nf6 5. Nc3 e5 6. Bb5+ Nbd7 7. Nf5 a6 8. Bxd7+ Qxd7 9. Bg5 Nxe4 10. Nxg7+ Bxg7 11. Nxe4 O-O 12. Qxd6 f6 13. Qxd7 Bxd7 14. Bd2 Bf5 15. f3 Bg6 16. O-O-O Rac8 17. Bc3 b5 18. a3 Rc6 19. Rd7 Bf5 20. Ra7 Bh6+ 21. Bd2 Bxd2+ 22. Kxd2 Bxe4 23. fxe4 f5 24. Rf1 fxe4 25. Rxf8+ Kxf8 26. c3 Rg6 27. g3 Rh6 28. h4 Rg6 29. Ke3 Rxg3+ 30. Kxe4 Rg2 31. b4 Re2+ 32. Kd5 e4 33. Rxa6 e3 34. Kd4 h5 35. Re6 Rh2 36. Rxe3 Rxh4+ 37. Kc5 1-0

[Event "GMA-Open"]
[Site "Belgrade SCG"]
[Date "1988.??.??"]
[Round "?"]
[White "Mokry, Karel"]
[Black "Bator, Robert"]
[Result "1-0"]
[WhiteElo "2460"]
[BlackElo "2370"]
[PlyCount "93"]
[EventDate "1988.12.??"]
[Source "www.chesslib.no"]
[SourceDate "2004.05.04"]

1. e4 c5 2. Nf3 d6 3. d4 cxd4 4. Nxd4 Nf6 5. Nc3 e5 6. Bb5+ Nbd7 7. Nf5 a6 8. Bxd7+ Qxd7 9. Bg5 Nxe4 10. Nxg7+ Bxg7 11. Nxe4 O-O 12. Qxd6 f6 13. Qxd7 Bxd7 14. Bd2 Bc6 15. Nd6 Rfd8 16. Nf5 Bf8 17. O-O-O Kf7 18. f3 Ke6 19. Ng3 Bd5 20. Kb1 Rd7 21. Ba5 Be7 22. Rhe1 Rg8 23. a3 h5 24. Nxh5 Bc6 25. Rxd7 Kxd7 26. Ng3 Bc5 27. Bb4 Bf2 28. Rd1+ Kc8 29. Be1 Bxg3 30. Bxg3 f5 31. Rd2 e4 32. fxe4 Bxe4 33. Kc1 Rg4 34. Rf2 Kd7 35. Kd2 Ke6 36. Ke3 Bc6 37. Rd2 Re4+ 38. Kf2 f4 39. Bh4 f3 40. g3 Kf5 41. h3 Re8 42. g4+ Kf4 43. Bd8 Re4 44. Bc7+ Kg5 45. Kg3 Re1 46. Bb6 Rh1 47. Rd6 1-0

[Event "Bucharest TICC"]
[Site "Bucharest"]
[Date "1997.??.??"]
[Round "?"]
[White "Moldovan, Daniel"]
[Black "Zatonskih, Vitaly"]
[Result "1-0"]
[WhiteElo "2435"]
[BlackElo "2395"]
[PlyCount "105"]
[EventDate "1997.??.??"]
[Source "www.chesslib.no"]
[SourceDate "2004.05.04"]

1. e4 c5 2. Nf3 d6 3. d4 cxd4 4. Nxd4 Nf6 5. Nc3 e5 6. Bb5+ Nbd7 7. Nde2 a6 8. Bxd7+ Qxd7 9. Bg5 Qc6 10. Qd3 Be6 11. Bxf6 gxf6 12. O-O h5 13. Rfd1 h4 14. h3 Rc8 15. Qf3 f5 16. Nd5 Bxd5 17. exd5 Qd7 18. c3 Bh6 19. Qh5 Bg7 20. Qg5 f6 21. Qe3 Kf7 22. f4 Bh6 23. Qf3 Rc4 24. Rf1 Re4 25. Qd3 Qb5 26. Qxb5 axb5 27. Rf2 exf4 28. Nd4 Re5 29. Nxb5 Rxd5 30. Nd4 Re8 31. Kf1 Re3 32. Re1 Kg6 33. Ree2 Kh5 34. Rxe3 fxe3 35. Rxf5+ Rxf5+ 36. Nxf5 Bf4 37. Ke2 Kg6 38. Nxe3 f5 39. Nd5 Be5 40. Kd3 Kf7 41. a4 Ke6 42. Kc4 Bg3 43. a5 Ke5 44. b4 Bf2 45. b5 Ke4 46. b6 f4 47. Nf6+ Kf5 48. Ng4 Bg1 49. Kd5 f3 50. gxf3 Kf4 51. Kxd6 Kxf3 52. Kc7 Kg3 53. Nh6 1-0

[Event "ISR Ch"]
[Site "Tel Aviv ISR"]
[Date "1994.??.??"]
[Round "6"]
[White "Liss, Eran"]
[Black "Uritzky, Maxim"]
[Result "0-1"]
[WhiteElo "2460"]
[BlackElo "2365"]
[PlyCount "58"]
[EventDate "1994.10.??"]
[Source "www.chesslib.no"]
[SourceDate "2004.05.04"]

1. e4 c5 2. Nf3 d6 3. d4 cxd4 4. Nxd4 Nf6 5. Nc3 e5 6. Bb5+ Nbd7 7. Nf5 a6 8. Bxd7+ Qxd7 9. Bg5 Nxe4 10. Nxg7+ Bxg7 11. Nxe4 O-O 12. Nf6+ Bxf6 13. Bxf6 Qf5 14. Qxd6 Qe4+ 15. Kf1 Bh3 16. Rg1 Be6 17. b3 Qxc2 18. Rd1 Rac8 19. g4 Rfe8 20. Rg3 Qxa2 21. Kg1 Qc2 22. Re1 Bxb3 23. Bxe5 Re6 24. Qb4 Bd5 25. Qd4 Qc4 26. Qd2 Rce8 27. Rc3 Qb5 28. Rce3 Bc6 29. g5 Rxe5 0-1

[Event "Havana-B"]
[Site "Havana"]
[Date "1983.??.??"]
[Round "11"]
[White "Garcia, Gildardo"]
[Black "Sieiro Gonzalez, Luis"]
[Result "1/2-1/2"]
[WhiteElo "2415"]
[BlackElo "2405"]
[PlyCount "84"]
[EventDate "1983.??.??"]
[Source "ChessBase"]

1. e4 c5 2. Nf3 d6 3. d4 cxd4 4. Nxd4 Nf6 5. Nc3 e5 6. Bb5+ Nbd7 7. Nf5 a6 8. Bxd7+ Qxd7 9. Ng3 Qc6 10. Bg5 Nd7 11. O-O Nb6 12. Qf3 Be6 13. Rfd1 Na4 14. Nxa4 Qxa4 15. b3 Qd7 16. h3 h6 17. Be3 Be7 18. Nh5 Rg8 19. Qg3 g5 20. f4 f5 21. fxe5 f4 22. Qf3 Bxh3 23. gxh3 fxe3 24. Rxd6 g4 25. Nf6+ Bxf6 26. Qxf6 gxh3+ 27. Kh2 Qg4 28. Re6+ Kd7 29. Re7+ Kc8 30. Qf5+ Kb8 31. Qxg4 Rxg4 32. Re1 Rxe4 33. Kxh3 Ka7 34. Kg3 Rf8 35. Re2 h5 36. e6 Rf6 37. Rh7 Rg6+ 38. Kf3 Rexe6 39. Rxh5 Rgf6+ 40. Kg3 Rg6+ 41. Kf3 Rgf6+ 42. Kg3 Rg6+ 1/2-1/2

[Event "7. Open"]
[Site "?"]
[Date "2004.07.25"]
[Round "5"]
[White "Parligras Mircea"]
[Black "Nikolaou Georgios"]
[Result "1-0"]
[WhiteElo "2564"]
[BlackElo "2244"]
[PlyCount "69"]
[EventDate "2004.??.??"]
[Source "www.chesslib.no"]
[SourceDate "2004.05.04"]

1. e4 c5 2. Nf3 d6 3. d4 cxd4 4. Nxd4 Nf6 5. Nc3 e5 6. Bb5+ Nbd7 7. Nf5 a6 8. Ba4 b5 9. Bb3 Nc5 10. Bg5 Bxf5 11. exf5 Be7 12. Bxf6 Bxf6 13. Qd5 O-O 14. O-O-O Qb6 15. f3 Rac8 16. Qxd6 Rc6 17. Qd2 Nxb3+ 18. axb3 Rfc8 19. Kb1 a5 20. g4 Be7 21. Rhe1 Bb4 22. Rxe5 Bxc3 23. bxc3 h6 24. Qd7 Rf8 25. Re8 Rxc3 26. Qe7 Rxe8 27. Qxe8+ Kh7 28. Rd8 Qg1+ 29. Kb2 Rxc2+ 30. Kxc2 Qf2+ 31. Rd2 Qc5+ 32. Kb2 b4 33. Rc2 Qd4+ 34. Ka2 Qd3 35. Qe4 1-0

[Event "JUG-chT"]
[Site "Tivat"]
[Date "1995.??.??"]
[Round "2"]
[White "Pikula, Dejan"]
[Black "Tesic, Dragan"]
[Result "0-1"]
[WhiteElo "2455"]
[BlackElo "2350"]
[PlyCount "92"]
[EventDate "1995.??.??"]
[Source "ChessBase"]

1. e4 c5 2. Nf3 d6 3. d4 cxd4 4. Nxd4 Nf6 5. Nc3 e5 6. Bb5+ Nbd7 7. Nf5 a6 8. Bxd7+ Qxd7 9. Ne3 Qc6 10. Qd3 Be6 11. a4 g6 12. Ned5 Bxd5 13. exd5 Qc7 14. Bg5 Bg7 15. Bxf6 Bxf6 16. Ne4 Be7 17. g4 Rc8 18. c3 Qc4 19. Ke2 f5 20. gxf5 gxf5 21. Qxc4 Rxc4 22. Nd2 Rg4 23. h3 Rh4 24. b3 Rg8 25. Nc4 Kf7 26. Rh2 Re4+ 27. Kd3 Rf4 28. Ke2 e4 29. Nd2 Bf6 30. Rc1 Rc8 31. c4 Bd4 32. b4 b6 33. Rg2 Rg8 34. Rh2 Re8 35. Nf1 Rf3 36. Ne3 Rg8 37. Rf1 Kf6 38. Nc2 Be5 39. Rhh1 f4 40. Rfg1 Rg6 41. h4 Rc3 42. Kd1 Rxc4 43. Rxg6+ hxg6 44. h5 gxh5 45. Rxh5 Kg6 46. Rh1 a5 0-1